Trees - Twenty One Pilots (All Lyrics) - Statistics

General Stats
  • This quiz has been taken 455 times
  • The average score is 159 of 222
Answer Stats
Trees % Correct
Chorus | Verse I
100%
the
99%
you
99%
in
98%
know
98%
trees
98%
stand
97%
to
97%
where
96%
can
95%
silent
95%
Silent
95%
want
95%
see
94%
your
94%
am
93%
And
93%
feel
93%
my
92%
be?
91%
breath
91%
Hello
90%
hello
90%
say
90%
standing
88%
that's
87%
cowardly
84%
death
84%
Why
84%
happen
82%
won't
82%
speak
73%
oh
66%
Outro Oh
66%
Refrain Da
38%
da
38%
Yeah
37%
No matching quizzes found
Score Distribution
Percent of People with Each Score
Percentile by Number Answered
Your Score History
You have not taken this quiz